[Event "Online Olym Div3 A"]
[Site "Chess.com INT"]
[Date "2020.08.08"]
[Round "4.2"]
[White "Shuqja, Klean"]
[Black "Khanyl, Chuluuntuya"]
[Result "0-1"]
[WhiteElo "1838"]
[BlackElo "1428"]
[PlyCount "98"]
[EventDate "2020.08.07"]
[EventType "team-tourn (rapid)"]
[EventRounds "9"]
[EventCountry "USA"]
[SourceTitle "CBM 198"]
[Source "ChessBase"]
[SourceDate "2020.10.31"]
[SourceVersion "1"]
[SourceVersionDate "2020.10.31"]
[SourceQuality "1"]
[WhiteTeam "Albania"]
[BlackTeam "South Korea"]
[WhiteTeamCountry "ALB"]
[BlackTeamCountry "KOR"]

1. b3 e5 2. Bb2 Nc6 3. e3 Nf6 4. Bb5 Bd6 5. Na3 Na5 6. Nc4 Nxc4 7. Bxc4 c6 8. Ne2 Bc7 9. Ng3 d5 10. Be2 Be6 11. d3 Ba5+ 12. c3 Bb6 13. Qd2 Rc8 14. h3 0-0 15. 0-0 Re8 16. Rfd1 d4 17. cxd4 exd4 18. e4 c5 19. Rac1 Ba5 20. Qc2 Nd7 21. Rf1 Qg5 22. Rcd1 b5 23. Bc1 Qe7 24. f4 f6 25. Ba3 b4 26. Bb2 Bc7 27. Qd2 a5 28. Bc1 a4 29. Qc2 axb3 30. axb3 Ra8 31. Bd2 Ra3 32. Rb1 Rea8 33. Rb2 R3a7 34. Nh1 Nf8 35. f5 Bf7 36. Bf4 Bxf4 37. Rxf4 Ra3 38. Rf1 Nd7 39. Rc1 Qd6 40. Nf2 Qf4 41. Nh1 Qe3+ 42. Kh2 c4 43. bxc4 Rc3 44. Qxc3 dxc3 45. Rbc2 b3 46. Rxc3 b2 47. Rb1 Ra1 48. Rxb2 Qg1+ 49. Kg3 Qe1+ 0-1

[Event "Eastern Asia-ch zt 3.3 (Women)"]
[Site "Ulaanbaatar"]
[Date "2019.04.08"]
[Round "2"]
[White "Khanyl, Chuluuntuya"]
[Black "Margadgua, Erdenebayar"]
[Result "0-1"]
[WhiteElo "1375"]
[BlackElo "1585"]
[PlyCount "66"]
[EventDate "2019.04.07"]
[EventType "swiss"]
[EventRounds "9"]
[EventCountry "MGL"]
[SourceTitle "CBM 189 Extra"]
[Source "ChessBase"]
[SourceDate "2019.05.31"]
[SourceVersion "1"]
[SourceVersionDate "2019.05.31"]
[SourceQuality "1"]

1. e4 c5 2. Nf3 d6 3. d4 cxd4 4. Nxd4 Nf6 5. Nc3 a6 6. Nb3 e5 7. Bg5 Be6 8. Be2 Be7 9. Bxf6 Bxf6 10. Bg4 0-0 11. 0-0 Nc6 12. Nd5 Bxd5 13. Qxd5 Qc7 14. c3 Ne7 15. Qd3 Rad8 16. Bf3 Bg5 17. Nd2 f5 18. exf5 d5 19. Qe2 Nxf5 20. Bg4 e4 21. Nb3 Bf4 22. g3 Be5 23. Bxf5 Rxf5 24. Nd4 Bxd4 25. cxd4 Qc4 26. Qd2 Rdf8 27. Rfc1 Qa4 28. Rf1 Rf3 29. b3 Qb5 30. Rac1 e3 31. Qc2 e2 32. Rfe1 Rxf2 33. a4 Rf1+ 0-1

[Event "Wch U10 Girls"]
[Site "Santiago de Compostela"]
[Date "2018.11.08"]
[Round "4"]
[White "Khanyl, Chuluuntuya"]
[Black "Yildiz, Elif Zeren"]
[Result "0-1"]
[WhiteElo "1276"]
[BlackElo "1448"]
[PlyCount "112"]
[EventDate "2018.11.04"]
[EventType "swiss"]
[EventRounds "11"]
[EventCountry "ESP"]
[SourceTitle "EXT 2022"]
[Source "ChessBase"]
[SourceDate "2021.10.06"]
[SourceVersion "1"]
[SourceVersionDate "2021.10.06"]
[SourceQuality "1"]

1. d4 d6 2. c4 g6 3. e3 Bg7 4. Nc3 Nc6 5. Nf3 Bg4 6. h3 Bxf3 7. Qxf3 Nf6 8. Bd3 e5 9. d5 Nb4 10. e4 a5 11. 0-0 0-0 12. a3 Na6 13. Be3 Nd7 14. Na4 b6 15. Rac1 Rb8 16. Rfd1 Nac5 17. Nxc5 bxc5 18. Rb1 Rb7 19. b4 cxb4 20. axb4 axb4 21. Bd2 b3 22. Be3 Qe7 23. Re1 Rfb8 24. g4 Nc5 25. Bxc5 dxc5 26. Rb2 Qf6 27. Qxf6 Bxf6 28. Reb1 Bg5 29. Be2 Rb4 30. Kg2 Kf8 31. f3 Be3 32. Bd1 Rxc4 33. Rxb3 Rbb4 34. Rxb4 cxb4 35. Be2 Rc2 36. Kf1 Bc5 37. Ke1 Ke7 38. Kd1 Ra2 39. Bc4 Rh2 40. Bf1 Kd6 41. Ra1 b3 42. Ra6+ Kd7 43. Ra1 b2 44. Rb1 Bd4 45. Bb5+ Kd6 46. Bf1 Kc5 47. Be2 Kb4 48. Bf1 Kb3 49. Bd3 Ka2 50. Bc2 Rh1+ 51. Kd2 Rxb1 52. Bxb1+ Kxb1 53. Kd3 Kc1 54. h4 b1Q+ 55. Ke2 Qc2+ 56. Kf1 Qf2# 0-1

[Event "Asia-ch U20 Girls"]
[Site "Ulaanbaatar"]
[Date "2018.08.20"]
[Round "3"]
[White "Khanyl, Chuluuntuya"]
[Black "Chan, Lyanna"]
[Result "1-0"]
[WhiteElo "1402"]
[BlackElo "1324"]
[PlyCount "125"]
[EventDate "2018.08.19"]
[EventType "swiss"]
[EventRounds "9"]
[EventCountry "MGL"]
[SourceTitle "CBM 186 Extra"]
[Source "ChessBase"]
[SourceDate "2018.08.24"]
[SourceVersion "1"]
[SourceVersionDate "2018.08.24"]
[SourceQuality "1"]

1. e4 d6 2. d4 Nf6 3. Nc3 g6 4. Bd3 Bg7 5. Nf3 e5 6. dxe5 dxe5 7. Nxe5 Nxe4 8. Bb5+ c6 9. Qxd8+ Kxd8 10. Nxf7+ Ke8 11. Nxe4 Kxf7 12. Bc4+ Ke8 13. Nd6+ Kd7 14. Nxc8 Re8+ 15. Be2 Kxc8 16. c3 Nd7 17. Be3 Kc7 18. 0-0 Rad8 19. Rad1 Re7 20. Bg4 Bf6 21. Rfe1 Ne5 22. Bf4 Rxd1 23. Rxd1 Kb6 24. Be3+ Kc7 25. Bf4 Kb6 26. Bxe5 Bxe5 27. g3 Kc7 28. f4 Bd6 29. Kf1 Bc5 30. b4 Bb6 31. a4 a5 32. Rd3 h5 33. Bh3 c5 34. bxc5 Bxc5 35. Rd5 b6 36. Rg5 Rg7 37. Bf5 h4 38. Rxg6 Rxg6 39. Bxg6 hxg3 40. hxg3 Be3 41. Ke2 Bc1 42. f5 Kd6 43. g4 Bg5 44. Kd3 Ke5 45. Kc4 Bf6 46. Bh5 Kd6 47. Kb5 Bd8 48. c4 Kd7 49. f6 Bxf6 50. Kxb6 Bd8+ 51. Kb5 Ke6 52. c5 Kd5 53. c6 Kd6 54. Be8 Kd5 55. Ka6 Kc5 56. g5 Kb4 57. g6 Kxa4 58. c7+ Kb4 59. cxd8Q a4 60. Bxa4 Ka3 61. g7 Kb2 62. g8Q Ka3 63. Qb3# 1-0

[Event "Asia-ch U20 Girls"]
[Site "Ulaanbaatar"]
[Date "2018.08.20"]
[Round "2"]
[White "Margadgua, Erdenebayar"]
[Black "Khanyl, Chuluuntuya"]
[Result "1-0"]
[WhiteElo "1619"]
[BlackElo "1402"]
[PlyCount "117"]
[EventDate "2018.08.19"]
[EventType "swiss"]
[EventRounds "9"]
[EventCountry "MGL"]
[SourceTitle "CBM 186 Extra"]
[Source "ChessBase"]
[SourceDate "2018.08.24"]
[SourceVersion "1"]
[SourceVersionDate "2018.08.24"]
[SourceQuality "1"]

1. e4 e6 2. d4 d5 3. Nd2 dxe4 4. Nxe4 Nd7 5. Nf3 Ngf6 6. Bd3 Nxe4 7. Bxe4 Nf6 8. Bg5 h6 9. Bxf6 Qxf6 10. Qd3 Bd6 11. Qb5+ Ke7 12. 0-0 Re8 13. c4 a6 14. Qa5 b6 15. Qc3 Rb8 16. Qc2 c5 17. Bc6 Rd8 18. d5 Kf8 19. Rfe1 e5 20. Qc3 Qg6 21. Nxe5 Bxe5 22. Rxe5 Bb7 23. Bxb7 Rxb7 24. Rae1 Rbb8 25. h3 f6 26. Re6 Re8 27. Qg3 Qxg3 28. Rxe8+ Rxe8 29. Rxe8+ Kxe8 30. fxg3 Kd7 31. Kf2 Kd6 32. Kf3 b5 33. b3 Ke5 34. g4 g5 35. g3 b4 36. Ke3 a5 37. Kd3 f5 38. gxf5 Kxf5 39. g4+ Ke5 40. Ke3 Kd6 41. Ke4 Ke7 42. Ke5 Kd7 43. Kf6 Kd6 44. Kg6 Ke7 45. Kxh6 Kf6 46. Kh5 Ke5 47. Kxg5 Kd6 48. h4 Ke5 49. h5 Kd6 50. h6 Kd7 51. h7 Ke7 52. h8Q Kd6 53. Qf6+ Kd7 54. Qe6+ Kd8 55. Qf7 Kc8 56. d6 Kb8 57. Qc7+ Ka8 58. d7 a4 59. d8Q# 1-0

[Event "Eastern Asia-ch U10 Girls 3rd"]
[Site "Shanghai"]
[Date "2018.08.04"]
[Round "3.2"]
[White "Zhou, Shumeng"]
[Black "Khanyl, Chuluuntuya"]
[Result "1-0"]
[WhiteElo "1248"]
[BlackElo "1402"]
[PlyCount "107"]
[EventDate "2018.08.02"]
[EventType "swiss"]
[EventRounds "9"]
[EventCountry "CHN"]
[SourceTitle "EXT 2022"]
[Source "ChessBase"]
[SourceDate "2021.10.06"]
[SourceVersion "1"]
[SourceVersionDate "2021.10.06"]
[SourceQuality "1"]

1. c4 c5 2. Nc3 Nc6 3. Nf3 e6 4. e3 d5 5. cxd5 exd5 6. d4 Nf6 7. g3 Qb6 8. dxc5 Qxc5 9. Bg2 Bg4 10. Qb3 Qb4 11. 0-0 Qxb3 12. axb3 Be7 13. h3 Bh5 14. Nb5 0-0 15. Bd2 Bg6 16. Nbd4 Ne4 17. Bc3 Bf6 18. Rac1 Nxd4 19. Bxd4 Bh5 20. g4 Bg6 21. Bxf6 Nxf6 22. Rc7 Rab8 23. Rfc1 Be4 24. Ne5 h6 25. Bxe4 dxe4 26. Kg2 Nd5 27. Rd7 Nb6 28. Rd4 Rfe8 29. Nd7 Nxd7 30. Rxd7 Red8 31. Rcc7 Rxd7 32. Rxd7 Kf8 33. Rc7 a6 34. b4 b5 35. Rc6 Ra8 36. Kg3 Ke7 37. Rc7+ Ke8 38. Kf4 g5+ 39. Kxe4 a5 40. Rb7 axb4 41. Rxb5 b3 42. Rxb3 Ra4+ 43. Kf3 Ra2 44. Rb6 Ke7 45. b4 Rb2 46. b5 Rb4 47. Rb8 Kd6 48. b6 Kc6 49. Rh8 Rxb6 50. Rxh6+ Kc7 51. Rxb6 Kxb6 52. Ke4 Kc6 53. Kf5 Kd6 54. Kxg5 1-0